• 首页
  • 本馆介绍
  • 公告通知
  • 最新文献
  • 馆藏检索
  • 电子资源
  • 读者荐购
  • 参考咨询
  • CALIS
  • 我的图书馆
  • 登录
  • 详细信息显示
  • 放入我的书架
  • 预约/预借图书
  • 作者相关作品
  • 分类相关作品
  • 丛书相关作品
  • 出版社相关作品

书目信息

  • 表格格式
  • 工作单格式
  • 卡片格式
题名:
骑驴记
    
 
作者: 西蒙·普托克 著 ;萨拜因·卡萨苏斯 绘
分册: 4   二级
出版信息: 北京   外语教学与研究出版社  2021.03
页数: 15页
开本: 20cm
丛书名:
单 册:
中图分类: H319.4
科图分类:
主题词: 英语
电子资源:
ISBN: 978-7-5213-1732-9
 
 
 
 
 
000 00893nam0 2200253 450
001 2657128880
005 20260625155502.80
010    @a978-7-5213-1732-9
100    @a20260625d2021 km y0chiy0120 ea
101 0  @achi
102    @aCN@b110000
200 1  @a骑驴记@AQi Lu Ji@e大猫英语分级阅读@h4@i二级@f(新西兰)西蒙·普托克著;(英)萨拜因·卡萨苏斯绘@F(Xin Xi Lan)Xi Meng·Pu Tuo Ke Zhu;(Ying)Sa Bai Yin·Ka Sa Su Si Hui
210    @a北京@c外语教学与研究出版社@d2021.03
215    @a15页@d20cm
300    @a适合小学二、三年级
503    @n河南城建学院图书馆
517 1  @a大猫英语分级阅读@ADa Mao Ying Yu Fen Ji Yue Du
517 1  @a二级@AEr Ji
606 0  @a英语
690    @aH319.4@v4
701  0 @a西蒙·普托克@AXi Meng·Pu Tuo Ke@4著
702  0 @a萨拜因·卡萨苏斯@ASa Bai Yin·Ka Sa Su Si@4绘
801  0 @aCN@b大连网信软件有限公司图书馆·11@c20260625
905    @aZUCC@dH319.4@eX0601:2:4
    
    骑驴记:大猫英语分级阅读.4.二级/(新西兰)西蒙·普托克著;(英)萨拜因·卡萨苏斯绘.-北京:外语教学与研究出版社,2021.03
    15页;20cm
    适合小学二、三年级
    
    ISBN 978-7-5213-1732-9:
    
●
相关链接 在E读中查询图书 在当当中查询图书 在豆瓣中查询图书


正题名:骑驴记     索取号:H319.4/X0601:2:4         预约/预借

序号 登录号 条形码 馆藏地/架位号 状态 备注
1 1557069   215570692   外国语学院资料室/ [索取号:H319.4/X0601:2:4] 在馆    
河南城建学院图书馆 欢迎您!
大连网信软件有限公司© 版权所有